000 01746nam0a22003251 4500
001 GAK\3366084
005 20260407073324.0
035 _a(NLR Aleph) 010506454
090 _a10158404
_c10158404
100 _a20140730d1998 |||y0rusy50 ca
101 0 _arus
_aeng
_ager
102 _aRU
105 _aa b |||||
200 1 _aПредстали взору ненадолго
_eофорты Рембрандта из собрания Эрмитажа
_e[каталог выставки]
210 _aБ.м
_cб.и.
_d[1998]
215 _a39 с.
_cил.
_d22
300 _aТекст парал. на рус., нем. и англ. яз.
517 1 _aОфорты Рембрандта из собрания Эрмитажа
_zrus
601 0 2 _aГосударственный Эрмитаж
_cСанкт-Петербург, город
_jКаталоги
_xКоллекция графики
_92145499
_3RU\NLR\AUTH\661597296
604 _1700#0$aРембрандт$bХ. ван Р.$gХарменс ван Рейн$f1606 - 1669
_15011#$aОфорты$jКаталоги$2nlr_sh1$2nlr_sh2$3RU\NLR\AUTH\66328857
_aРембрандт, Харменс ван Рейн (1606 - 1669)
_tОфорты
_jКаталоги
_9903498
_3RU\NLR\AUTH\66328857
686 0 _aЩ143(4Н)44-8Рембрандт
_2rubbk
700 1 _4040
_8rus
_7ca
_aРембрандт
_bХ. ван Р.
_f1606-1669
_gХарменс ван Рейн
_3RU\NLR\AUTH\778252
_9118164
712 0 2 _4570
_aГосударственный Эрмитаж
_cСанкт-Петербург
_3RU\NLR\AUTH\883267
_9277747
801 0 _aRU
_bNLR
_c20140730
_gpsbo
801 1 _aRU
_bNLR
_c20140730
_2rusmarc
801 2 _aRU
_bNLR
_c20140730
_2rusmarc
852 _aNLR
_bЭ
_jКП/Р371
942 _cBOOK
980 _aNB